Los cuadernos azul y marrón / (Record no. 142527)
[ view plain ]
| 000 -LEADER | |
|---|---|
| campo de control de longitud fija | 00710nam a2200217 i 4500 |
| 001 - NÚMERO DE CONTROL | |
| campo de control | 142527 |
| 003 - IDENTIFICADOR DE NÚMERO DE CONTROL | |
| campo de control | ES-MaACL |
| 005 - FECHA Y HORA DE LA ÚLTIMA TRANSACCIÓN | |
| campo de control | 20230906200540.0 |
| 007 - CAMPO FIJO DE DESCRIPCIÓN FÍSICA--INFORMACIÓN GENERAL | |
| campo de control de longitud fija | t| |
| 008 - DATOS DE LONGITUD FIJA--INFORMACIÓN GENERAL | |
| campo de control de longitud fija | 071005s1968 sp ||||1| spa d |
| 100 1# - ENTRADA PRINCIPAL--NOMBRE DE PERSONA | |
| Nombre de persona | Wittgenstein, Ludwig. |
| 9 (RLIN) | 117183 |
| 245 14 - MENCIÓN DEL TÍTULO | |
| Título | Los cuadernos azul y marrón / |
| Mención de responsabilidad, etc. | Ludwig Wittgenstein ; prefacio de Rush Rhees [traducción por Francisco Gracia Guillen]. |
| 260 ## - PUBLICACIÓN, DISTRIBUCIÓN, ETC. | |
| Lugar de publicación, distribución, etc. | Madrid : |
| Nombre del editor, distribuidor, etc. | Tecnos, |
| Fecha de publicación, distribución, etc. | [1968] |
| 300 ## - DESCRIPCIÓN FÍSICA | |
| Extensión | 230 p. ; |
| Dimensiones | 24 cm. |
| 490 1# - MENCIÓN DE SERIE | |
| Mención de serie | Estructura y función ; |
| Designación de volumen o secuencia | 25 |
| 700 1# - ENTRADA AGREGADA--NOMBRE PERSONAL | |
| Nombre de persona | Rhees, Rush. |
| 9 (RLIN) | 96650 |
| 700 1# - ENTRADA AGREGADA--NOMBRE PERSONAL | |
| Nombre de persona | Gracia Guillén, Francisco. |
| 9 (RLIN) | 59470 |
| 830 0# - PUNTO DE ACCESO ADICIONAL DE SERIE-TÍTULO UNIFORME | |
| Título uniforme | Estructura y función ; |
| Designación de volumen o secuencia | 25 |
| 9 (RLIN) | 181428 |
| 852 ## - LOCALIZACIÓN | |
| Ubicación | ES-MaACL |
| Número de control de estantería | G-8436 |
| Sublocalización o colección | R.65320 |
| Estatus retirado | Estado de pérdida | Estado de daño | No para préstamo | Biblioteca de origen | Biblioteca actual | Ubicación en estantería | Fecha de adquisición | Fuente de adquisición | Total de préstamos | Signatura topográfica completa | Código de barras | Visto por última vez | Precio de reemplazo | Tipo de ítem Koha |
|---|---|---|---|---|---|---|---|---|---|---|---|---|---|---|
| Biblioteca del Ateneo de Madrid | Biblioteca del Ateneo de Madrid | Sala Pecera Planta 3 | 17/01/2008 | G-8436 | 1148298 | 23/02/2023 | 23/02/2023 | Libro impreso |
